Naše zkušenosti s automatizací dálnopisného provozu.
Skúsenosti Skloexportu Liberec v automatizovaní v odosielaní ďalekopisných správ. Ďalekopisný adaptér TAG-43 a jeho prepojenie s tlačiarňou, elektronickým písacím strojom a mikropočítačom. Programový produkt TELEX-DIREKT. Začlenenie ďalekopisného systému do počítačovej siete. Poznatky zo zavádzania...
Salvato in:
| Autore principale: | |
|---|---|
| Natura: | Capitolo di libro |
| Lingua: | ceco |
| Soggetti: | |
| Tags: |
Nessun Tag, puoi essere il primo ad aggiungerne!!
|
MARC
| LEADER | 00000naa a2200000 4500 | ||
|---|---|---|---|
| 001 | r003213 | ||
| 005 | 20220819180936.2 | ||
| 041 | 0 | |a cze | |
| 044 | |a [CS] | ||
| 245 | 1 | 0 | |a Naše zkušenosti s automatizací dálnopisného provozu. |c P. Pokorný |
| 520 | |a Skúsenosti Skloexportu Liberec v automatizovaní v odosielaní ďalekopisných správ. Ďalekopisný adaptér TAG-43 a jeho prepojenie s tlačiarňou, elektronickým písacím strojom a mikropočítačom. Programový produkt TELEX-DIREKT. Začlenenie ďalekopisného systému do počítačovej siete. Poznatky zo zavádzania a skúšobnej prevádzky systému. | ||
| 610 | 2 | 0 | |a Skloexport Liberec |
| 610 | 2 | 0 | |a ďalekopisy |
| 610 | 2 | 0 | |a automatizácia |
| 610 | 2 | 0 | |a siete počítačové |
| 610 | 2 | 0 | |a TELEX-DIREKT |
| 100 | 1 | |a Pokorný, P. | |